Normal view MARC view

Entry Personal Name

Number of records used in: 1

001 - CONTROL NUMBER

  • control field: 1214742

003 - CONTROL NUMBER IDENTIFIER

  • control field: OSt

005 - DATE AND TIME OF LATEST TRANSACTION

  • control field: 20260324143209.0

008 - FIXED-LENGTH DATA ELEMENTS

  • fixed length control field: 260324|| aca||aabn | a|a d

040 ## - CATALOGING SOURCE

  • Original cataloging agency: OSt
  • Transcribing agency: OSt

100 ## - HEADING--PERSONAL NAME

  • Personal name: Ms Ellen Noonan; Dr Laurence Spurling; Ellen Noonan; Laurence Spurling

670 ## - SOURCE DATA FOUND

  • Source citation: Work cat.: (OSt)1819860: Ms Ellen Noonan; Dr Laurence Spurling; Ellen Noonan; Laurence Spurling, The Making of a Counsellor
Copyright @ Delhi University Library System